02831nam a2200541Ia 45000010005000000080041000050100009000460410014000550820024000692450230000932600017003233000007003405200006003476300021003536300028003746300014004026500095004166900016005117000030005277000036005577000042005939010087006359020006007229030038007289040018007669050025007849060006008099070014008159080014008299090051008439100015008949110010009099120014009199130009009339140024009429150019009669160009009859170009009949180014010039190022010175201191010399210007022309220007022379230006022449240014022509420010022649990015022742145241029s9999 xx 000 0 und d a2008 aEspañol aCURSA-T-EDUC 000361 0aDesempeño laboral de los egresados de la carrera de Administración de Empresa Turística y Hotelera de la Universidad Dominicana O&M, recinto Puerto Plata, en los hoteles de la Provincia de Puerto Plata, año 2001-2006. aPuerto Plata a80 a5 aAdministración aDesempeño Profesional aEgresados aEjes Transversales (El Trabajo como Medio de Realización Personal y Base del Desarrollo) aSintetizado easesoraNúñez, Gladys eautoraMarte Jiménez, Dinorah eautoraHollingshead Pérez, Violeta  a{"1":"Marte Jiménez","2":"Hollingshead Pérez"}b{"1":"Dinorah","2":"Violeta "} a1 a{"1":"Núñez"}b{"1":"Gladys"} aMagíster en aEducación Superior a2 aNO APLICA aNO APLICA aUniversidad Autónoma de Santo Domingo (UASD) aNULLbNULL a["1"] aNO APLICA aNULL a02 de Abril de 2007 a28/11/19 07:11 aNULL aNULL aNO APLICA a["269","63","85"] aEl presente trabajo de investigación tuvo como objetivo determinar el desempeño laboral de los egresados de la carrera de Administración de Empresa Turística y Hotelera de la Universidad Dominicana O&M, recinto Puerto Plata, en los hoteles de la Provincia de Puerto Plata. Año 2001-2006.El tipo de estudio es descriptivo, se utilizaron los métodos analítico, inductivo, deductivo y sintético. En cuanto a la recolección de datos las técnicas utilizadas fueron el análisis documental, la entrevista y fichas. El instrumento para la recolección de información fue el cuestionario.Se contactó la población hotelera de la Provincia de Puerto Plata, cincuenta y dos (52) hoteles de los cuales sólo en tres (3) de ellos laboran egresados de la carrera de Administración de Empresa Turística y Hotelera de la Universidad Dominicana O&M, recinto Puerto Plata.Se comprobó, la incidencia que tiene el nivel de desempeño laboral de los egresados de la carrera de Administración de Empresa Turística y Hotelera de la Universidad Dominicana O&M, en los hoteles de Puerto Plata, la eficacia y eficiencia en la permanencia de sus puestos o área del hotel. a11 a11 a0 aNO APLICA cTesis c2008d2008